Statistics for King Of New York - Newsies The Musical - Lyrics

Click here to take the quiz!

General Stats

  • This quiz has been taken 59 times
  • The average score is 212 of 297

Answer Stats

CharacterLyric% Correct
Davey | Jojo | Mush | +2 othersA
100%
a
100%
at
97%
New-
97%
New
97%
new
97%
o'
97%
pair
97%
the
97%
look
94%
Katherine & Newsies | RaceLook
94%
matchin'
94%
shoes
94%
with
94%
I
91%
I'm
91%
King
91%
king
91%
laces
91%
me
91%
me,
91%
of
91%
York!
91%
York
91%
she
88%
you
88%
in
84%
star
84%
an
81%
RaceAnd
81%
and
81%
on
81%
races
81%
She's
81%
RaceYa
81%
ya
81%
famous!
78%
my
78%
Finch | LesMy
78%
permanent
78%
right
78%
Starin'
78%
Suddenly,
78%
ButtonsWhen
78%
when
78%
be
75%
box
75%
don't
75%
money
75%
need
75%
respectable
75%
They
75%
they
75%
to
75%
you're
75%
You're
75%
for
72%
it
72%
KatherineSo
72%
stature
72%
want,
72%
whatever
72%
Lousy
69%
KatherineNot
69%
reporter!
69%
wooden
69%
all
66%
as?
66%
as
66%
cost
66%
drunk!
66%
fame
66%
get
66%
gratis!
66%
Let
66%
let's
66%
liquor,
66%
nickel!
66%
own
66%
pretty
66%
quicker
66%
HenrySuch
66%
that
66%
there
66%
thunk,
66%
was
66%
NewsiesWe
66%
works
66%
blowin'
63%
city
63%
deluxe
63%
dough
63%
indoor
63%
one
63%
personal
63%
pickle
63%
puss
63%
quarter
63%
Sheepshead
63%
sour
63%
very
63%
Ain't
59%
ain't
59%
beat
59%
gives
59%
goin'
59%
Race & HenryIt's
59%
minute
59%
regular
59%
twirl
59%
watch
59%
NewsiesYeah!
59%
about
56%
dead
56%
drown
56%
either
56%
face
56%
gold
56%
haircut
56%
ink
56%
or
56%
HenryPastrami
56%
poodles
56%
Katherine & NewsiesPulitzer's
56%
punk!
56%
rye
56%
us
56%
whole
56%
LesAlmost
53%
barbershop
53%
bed
53%
But
53%
Cause
53%
chain
53%
dreamin'
53%
drowned
53%
fishes
53%
gotta
53%
may
53%
out,
53%
out
53%
pape
53%
wet
53%
KatherineWhod'a
53%
beamin'
50%
noodles
50%
solid
50%
sun
50%
sunk,
50%
toilet
50%
Tomorrow
50%
wrap
50%
fished
47%
AlbertNobbin'
47%
pale
47%
RaceAm-scray,
44%
drink
44%
History!
44%
muckety-mucks
44%
pitiful
44%
KatherineBunch'a
41%
Delanceys
41%
Pee
41%
their
41%
Though
41%
Front
38%
gonna
38%
is
38%
page
38%
see
38%
story
38%
Wait
38%
both
34%
'em
34%
glory
34%
make
34%
picture
34%
Snap
34%
This
34%
are
31%
bright
31%
crapped
31%
ditch
31%
Flashpots
31%
Friends
31%
gun
31%
Guts
31%
shootin'
31%
son
31%
tapped
31%
flee
28%
guarantee
28%
highfalutin'
22%
pants-sies!
3%

Score Distribution

Percentile by Number Answered

Percent of People with Each Score

Your Score History

You have not taken this quiz